Vivienda multifamiliar : (Registro nro. 3600)
[ vista simple ]
| 000 -LEADER | |
|---|---|
| fixed length control field | 00641nam a2200205Ia 4500 |
| 003 - CONTROL NUMBER IDENTIFIER | |
| control field | PE SENCICO BE |
| 005 - DATE AND TIME OF LATEST TRANSACTION | |
| control field | 20260220213556.0 |
| 008 - FIXED-LENGTH DATA ELEMENTS--GENERAL INFORMATION | |
| fixed length control field | 200515s9999 xx 000 0 und d |
| 040 ## - CATALOGING SOURCE | |
| Original cataloging agency | PE SENCICO BE |
| Transcribing agency | PE SENCICO BE |
| 041 ## - LANGUAGE CODE | |
| Language code of text/sound track or separate title | spa |
| 082 ## - DEWEY DECIMAL CLASSIFICATION NUMBER | |
| Classification number | 728.31 |
| Item number | J81 |
| 100 1# - MAIN ENTRY--PERSONAL NAME | |
| Personal name | Juarez Rumaldo, Percy Julio |
| 9 (RLIN) | 203 |
| Relator term | autor |
| 245 10 - TITLE STATEMENT | |
| Title | Vivienda multifamiliar : |
| Remainder of title | proyecto de certificación / |
| Statement of responsibility, etc. | Percy Julio Juárez Rumaldo |
| 260 ## - PUBLICATION, DISTRIBUTION, ETC. | |
| Place of publication, distribution, etc. | Lima : |
| Date of publication, distribution, etc. | 1999 |
| 300 ## - PHYSICAL DESCRIPTION | |
| Extent | 70 [hojas] |
| Other physical details | planos ; |
| Dimensions | 29 cm. |
| 650 10 - SUBJECT ADDED ENTRY--TOPICAL TERM | |
| Topical term or geographic name entry element | Viviendas multifamiliares |
| 9 (RLIN) | 389 |
| 650 20 - SUBJECT ADDED ENTRY--TOPICAL TERM | |
| Topical term or geographic name entry element | Dibujo arquitectónico |
| 9 (RLIN) | 387 |
| 650 20 - SUBJECT ADDED ENTRY--TOPICAL TERM | |
| Topical term or geographic name entry element | Dibujo técnico |
| 9 (RLIN) | 388 |
| 942 ## - ADDED ENTRY ELEMENTS (KOHA) | |
| Koha item type | Libros |
| Source of classification or shelving scheme | Dewey Decimal Classification |
| Fecha de la última vez que lo usaron | Número de ingreso o de inventario | Pago total | Signatura topográfica completa | Código de barras | Tipo de documento | Estado perdido | Sistema de clasificación | Estado dañado | No es para préstamo | Retirado | Ubicación permanente | Ubicación actual |
|---|---|---|---|---|---|---|---|---|---|---|---|---|
| 20/01/2026 | 11511 | 728.31/J81 | BibLima26012644 | Libros | Dewey Decimal Classification | Biblioteca Central Lima | Biblioteca Central Lima |